000 00377pab a2200157 454500
008 180718b2007 xxu||||| |||| 00| 0 eng d
100 _aRoy, Kumkum
245 _aPassions of reservations and rationales of practice
260 _c2007
300 _ap.307-15.
362 _aJul-Sep
650 _aBackward classes
773 _aSocial Action
908 _aN
909 _a75231
999 _c75231
_d75231